000 00689nam a2200217Ii 4500
003 JO-AjNU
008 230605s9999||||xx |||||||||||||| ||und||
017 _a2002/766
040 _aJO-AjNU
_bara
_erda
_cJO-AjNU
041 _aara
050 1 4 _aB745.M3 .K42 2002
100 3 _aالخطيب،عبد الله,
_eauthor
_913806
245 0 0 _aالانسان في الفلسفة :دراسة تحليلية
250 _aط1
264 3 1 _aبغداد:دار الشؤون الثقافية العامة ، 2002
300 _a207ص
336 _atext
_btxt
_2rdacontent
337 _aunmediated
_bn
_2rdamedia
338 _avolume
_bnc
_2rdacarrier
650 4 _aالانسان-فلسفة
_913807
999 _aA3532
_c7100
_d7100